| 000 | 01263cam a22003494a 4500 | ||
|---|---|---|---|
| 001 | 15088970 | ||
| 003 | EG-ScBUE | ||
| 005 | 20220904103636.0 | ||
| 008 | 071120s2008 nyua f b 001 0 eng d | ||
| 020 | _a9780764138140 | ||
| 020 | _a0764138146 | ||
| 040 |
_aDLC _beng _erda _cDLC _dDLC _dEG-ScBUE |
||
| 082 | 0 | 4 |
_222 _a720.284 _bZEL |
| 100 | 1 |
_aZell, Mo, _eauthor. _911596 |
|
| 245 | 1 | 0 |
_aArchitectural drawing course / _cMo Zell. |
| 250 | _aFirst edition. | ||
| 264 | 1 |
_aHauppauge, NY : _bBarrons Educational Series, _c2008. |
|
| 300 |
_a144 pages : _billustrations ; _c23 cm |
||
| 336 |
_2rdacontent _atext _btxt |
||
| 337 |
_2rdamedia _aunmediated _bn |
||
| 338 |
_2rdacarrier _avolume _bnc |
||
| 500 | _a"Tools and techniques fo 2D and 3D representation"--Cover. | ||
| 504 | _aIncludes bibliographical references and index. | ||
| 650 | 7 |
_aArchitectural drawing _xTechnique. _911597 _2BUEsh |
|
| 651 | _2BUEsh | ||
| 653 | _bENGARC | ||
| 655 |
_vReading book _934232 |
||
| 856 | 4 | 2 |
_3Contributor biographical information _uhttp://www.loc.gov/catdir/enhancements/fy0806/2007941877-b.html |
| 856 | 4 | 2 |
_3Publisher description _uhttp://www.loc.gov/catdir/enhancements/fy0806/2007941877-d.html |
| 942 |
_2ddc _cBB |
||
| 999 |
_c13442 _d13442 |
||